00653nam a22002177a 4500003000500000005001700005008004100022010001000063011001000073035001000083040000900093082001600102111011000118245001100228260004700239300002300286650002800309650002300337650003800360710003700398CHAP20220817042633.0971013s1980 r 10010 d a50588 a51560 a55710 cCHAP a635.21bP5500aPlanning Conference on the Developments in the Control of Bacterial Diseases of Potatoes (d1979c: Lima) aReport aLima :bInternational Potato Center,c1980 a137 p.b: gráfs.14aBacterium solanacearum.14aControl de plagas.14aPapaxEnfermedades por bacterias.0 aCentro Internacional de la Papa.